Principios de los procesos químicos
Guardat en:
| Autors principals: | , , |
|---|---|
| Format: | Llibre |
| Idioma: | espanyol |
| Publicat: |
Barcelona
Reverté
1975
|
| Matèries: | |
| Etiquetes: |
Afegir etiqueta
Sense etiquetes, Sigues el primer a etiquetar aquest registre!
|
MARC
| LEADER | 00000nam a2200000 a 4500 | ||
|---|---|---|---|
| 001 | UCV4260 | ||
| 003 | CL-VaPUC | ||
| 008 | 910128e19750000SP |||||||||||||||||spa|d | ||
| 082 | 0 | 4 | |a 541.3 |b HOU |2 21 |
| 100 | |a Hougen, O. A |e author |9 363890 | ||
| 700 | 0 | |a Watson, Kenneth Merle |e author |9 298557 | |
| 700 | 0 | |a Ragatz, Roland A |e author |9 298558 | |
| 245 | 1 | 0 | |a Principios de los procesos químicos |
| 300 | |a 2 v | ||
| 942 | |c BK | ||
| 945 | |d 19910128 00:00:00 |a mfernand | ||
| 260 | |a Barcelona |b Reverté |c 1975 | ||
| 500 | |a v.1: Balances de materia y energía | ||
| 500 | |a v.2: Termodinámica | ||
| 650 | 0 | |a Procesos químicos |9 259436 | |
| 650 | 0 | |a Termodinámica |9 259320 | |
| 583 | |a last modification |c 20130518 01:44:29 |k Rodrigo Vera | ||
| 999 | |c 211182 |d 211180 | ||
| 952 | |0 0 |1 0 |4 0 |6 541_300000000000000_HOU_1975 |7 0 |8 A |9 189492 |a BIBING |b BIBING |d 2019-11-14 |h v.1 |i 2571552 |o 541.3 HOU 1975 |p 2571552 |r 2025-01-20 |w 2019-11-14 |y BK |k ING | ||
| 952 | |0 0 |1 0 |4 0 |6 541_300000000000000_HOU_1975 |7 0 |8 A |9 189493 |a BIBING |b BIBING |d 2019-11-14 |h v.1 |i 2571560 |o 541.3 HOU 1975 |p 2571560 |r 2025-01-20 |w 2019-11-14 |y BK |k EIQ | ||